Sports Quiz

Random Sports or Company Quiz

10 yrs of Super Bowl Ad Spending Quiz Stats

 Plays Quiz not verified by Sporcle

Challenge
Share
Tweet
Embed
Score 0/8 Timer 02:00
0 Plays Today
% Correct
Coca-Cola
81.3%
PepsiCo
80.2%
Ford
67%
General Motors
39.6%
E*Trade
33%
Anheuser-Busch
19.8%
Yum Brands
12.1%
Warner Bros
8.8%

You're not logged in!

Compare scores with friends on all Sporcle quizzes.
OR
Log In

You Might Also Like...

Show Comments

Extras

Top Quizzes Today


Score Distribution

Your Account Isn't Verified!

In order to create a playlist on Sporcle, you need to verify the email address you used during registration. Go to your Sporcle Settings to finish the process.

Report this User

Report this user for behavior that violates our Community Guidelines.

Details: